Úvod

Autori zborníka vedeckých prác, ktorý je jedným z výstupov druhej etapy projektu, venujú pozornosť najmä: vývoju globálnej ekonomiky, teoretickým aspektom a monitorovaniu krízy, analýze vybraných ukazovateľov vo vybraných ekonomikách, dopytu podnikatelského sektora a domácností, riadeniu rizika a ci...

Descrizione completa

Salvato in:
Dettagli Bibliografici
Autore principale: Zwiebová, Darina
Natura: Capitolo di libro
Lingua:slovacco
Soggetti:
Tags: Aggiungi Tag
Nessun Tag, puoi essere il primo ad aggiungerne!!

MARC

LEADER 00000nla$a2200000$$$4500
001 0146930
005 20240502072644.2
041 0 |a slo 
044 |a SK 
245 1 0 |a Úvod  |c Darina Zwiebová 
520 |a Autori zborníka vedeckých prác, ktorý je jedným z výstupov druhej etapy projektu, venujú pozornosť najmä: vývoju globálnej ekonomiky, teoretickým aspektom a monitorovaniu krízy, analýze vybraných ukazovateľov vo vybraných ekonomikách, dopytu podnikatelského sektora a domácností, riadeniu rizika a cien, controllingu vstupov, výstupov a systému, konkurencieschopnosti, dôverihodnosti a ratingu rôznych subjektov systému. 
610 2 0 |a kríza hospodárska 
610 2 0 |a globalizácia hospodárstva 
610 2 0 |a súťaž hospodárska 
610 2 0 |a oživenie 
610 2 0 |a konkurencieschopnosť 
100 1 |a Zwiebová, Darina